书目信息 |
| 题名: |
椭圆积分表
|
|
| 作者: | ;《椭圆积分表》编写组 编 | |
| 分册: | ||
| 出版信息: | 北京 机械工业出版社 1979 |
|
| 页数: | 329页 | |
| 开本: | 13cm | |
| 丛书名: | ||
| 单 册: | ||
| 中图分类: | O1-646 | |
| 科图分类: | ||
| 主题词: | 积分-数学表 , 数学表-积分 | |
| 电子资源: | ||
| ISBN: | ||
| 000 | 00656nam0 2200229 45 | |
| 001 | 0179002840 | |
| 005 | 20060315155030.09 | |
| 010 | @dCNY0.52 | |
| 091 | @a15033.4538 | |
| 100 | @a19950726d1979 em y0chiy0121 ea | |
| 101 | 0 | @achi |
| 102 | @aCN@b110000 | |
| 105 | @ay z 000yy | |
| 200 | 10 | @a椭圆积分表@Atuo yuan ji fen biao@f《椭圆积分表》编写组编@F《Tuo Yuan Ji Fen Biao》Bian Xie Zu Bian |
| 210 | @a北京@c机械工业出版社@d1979 | |
| 215 | @a329页@d13cm | |
| 606 | @a积分-数学表 | |
| 606 | @a数学表-积分 | |
| 690 | @aO1-646@v3 | |
| 711 | 02 | @a《椭圆积分表》编写组@4编 |
| 801 | 0 | @aCN@bNLC@c20060315 |
| 905 | @dO1-646@e50@f1@b130850@b130854-855@f2 | |
| 椭圆积分表/《椭圆积分表》编写组编.-北京:机械工业出版社,1979 |
| 329页;13cm |
| ISBN :CNY0.52 |
| ● |
| 相关链接 |
|
|
|
|
正题名:椭圆积分表
索取号:O1-646/50
 
预约/预借
| 序号 | 登录号 | 条形码 | 馆藏地/架位号 | 状态 | 备注 |
| 1 | 0040222 | 001882626 | 密集书库/ [索取号:O1-646/50] | 在馆 | |
| 2 | 0040223 | 001882617 | 密集书库/ [索取号:O1-646/50] | 在馆 | |
| 3 | 0040224 | 001882608 | 密集书库/ [索取号:O1-646/50] | 在馆 | |
| 4 | 0040225 | 001882591 | 密集书库/ [索取号:O1-646/50] | 在馆 | |
| 5 | 0040226 | 001882582 | 密集书库/ [索取号:O1-646/50] | 在馆 | |
| 6 | 0130850 | 001234006 | 第三借阅区/ [索取号:O1-646/50] | 在馆 | |
| 7 | 0130851 | 001882555 | 密集书库/ [索取号:O1-646/50] | 在馆 | |
| 8 | 0130852 | 001882573 | 密集书库/ [索取号:O1-646/50] | 在馆 | |
| 9 | 0130853 | 202206629 | 密集书库/ [索取号:O1-646/50] | 在馆 | |
| 10 | 0130854 | 001233971 | 第三借阅区/ [索取号:O1-646/50] | 在馆 | |
| 11 | 0130855 | 001234024 | 第二样本阅览室/ [索取号:O1-646/50] | 在馆 | |
| 12 | 0130856 | 001882564 | 密集书库/ [索取号:O1-646/50] | 在馆 |